Normal view
MARC view
Entry Nombre corporativo
001 - NÚMERO DE CONTROL
- campo de control: 183633
003 - IDENTIFICADOR DEL NÚMERO DE CONTROL
- campo de control: OSt
005 - FECHA Y HORA DE LA ÚLTIMA TRANSACCIÓN
- campo de control: 20220601075610.0
008 - DATOS DE LONGITUD FIJA
- campo de control de longitud fija: 220601|| aca||aabn | a|a d
040 ## - FUENTE DE LA CATALOGACIÓN
- Centro catalogador/agencia de origen: OSt
- Centro/agencia transcriptor: OSt
110 ## - ENCABEZAMIENTO-NOMBRE DE ENTIDAD CORPORATIVA
- Nombre de entidad corporativa o nombre de jurisdicción como elemento de entrada: Universidad Autónoma de Nuevo León (México)
670 ## - FUENTE DE DATOS ENCONTRADOS
- Cita de la fuente: Work cat.: (OSt)216067: Simposium Taller Nacional y Internaconal Producción y Aprovechamiento de Nopal y Maguey (11: 2012 Octubre 12-13: Nuevo León, México) 183630, Memorias del XI Simposium-Taller Nacional y VI Internacional Producción y aprobechamiento de nopal y maguey: desarrollo y bienestrar sustentable a travéz del nopal y maguey / coordinación editorial E. Vázquez-Alvarado, F. Blanco-Macias ...[et. al.]
